000
00331nam a2200133Ia 4500
008
150202s9999 xx 000 0 und d
020
_a
880385197
050
_a
FIC
_b
FIC
100
_a
Weis, Margaret
245
_a
Love and war /
_c
Margaret Weis.
260
_a
USA :
_c
1987.
300
_a
368 pages :
_c
18 cm.
650
_a
Fiction.
999
_c
282452
_d
282452